| 000 | 00654nam a2200265Ia 4500 | ||
|---|---|---|---|
| 001 | 18231 | ||
| 003 | GE_BSU | ||
| 008 | 181216s||||||||xx |||||||||||||| ||und|| | ||
| 020 | _a9781780984483 | ||
| 040 | _cGE_BSU | ||
| 080 | _a811.111(075.8) | ||
| 100 | _aEvans Virginia,Jenny Dooley | ||
| 245 | _aPrime Time3: Student's Book. | ||
| 260 | _aNewbury | ||
| 260 | _bExpress Publishing | ||
| 260 | _c2012 | ||
| 300 | _a135p;ill,col,30cm. | ||
| 300 | _e+1CD | ||
| 541 | _h24gel. | ||
| 653 | _agrammar | ||
| 653 | _aPrime Time 3:Student's Book | ||
| 653 | _aგრამატიკა | ||
| 653 | _aინგლისური | ||
| 942 | _cBK | ||
| 999 |
_c51269 _d51269 |
||